Statistiques concernant Culture Générale - Série 90

Cliquez ici pour prendre le quiz!

Statistiques générales

  • Ce quiz a été pris 213 fois
  • Le résultat moyen est 5 sur 10

Statistiques - réponses

QuestionRéponse% Correct
Combien l'Ile-de-France compte-t-elle de départements ?8
92%
Quelle était la nationalité du coureur automobile, Ayrton Senna ?Brésilienne
71%
Sous quel nom connaît-on mieux Vladimir Ilitch Oulianov ?Lénine
69%
Quels fruits ont fait la réputation de la ville de Cavaillon ?Melons
66%
Qui était "abandonné" dans une chanson du groupe Gold en 1985 ?Capitaine
65%
En quelle année la Grande Arche de la Défense a-t-elle été inaugurée ?1989
49%
De quelle nationalité est Quino, l'auteur de "Mafalda" ?Argentine
44%
Qui a peint le célèbre tableau intitulé "la Jeune Fille à la perle" ?Jan Vermeer
38%
Au Canada, quel est l'autre nom de l'élan ?Orignal
32%
Quelle locution latine désigne l'opinion du plus grand nombre ?Vox populi
15%

Distribution des résultats

Percentile par nombre de réponses

% des personnes avec chaque résultat

Votre développement - résultats

Vous n’avez pas pris ce quiz